00326nam a2200133Ia 4500008004100000020001500041082001800056100003100074245002100105250000600126260004700132300000800179650000500187140316s9999 xx 000 0 und d a8124002185 a813.2bGOP/AI aGopalakrishnan,Chelangattu aAithihya manjary a2 aKottayambGopalakrishnan chelangattuc1998 a332 a